• 首页
  • 本馆介绍
  • 公告通知
  • 最新文献
  • 馆藏检索
  • 电子资源
  • 读者导购
  • 参考咨询
  • 我的图书馆
  • 登录
  • 详细信息显示
  • 放入我的书架
  • 预约/预借图书
  • 作者相关作品
  • 分类相关作品
  • 丛书相关作品
  • 出版社相关作品

书目信息

  • 表格格式
  • 工作单格式
  • 卡片格式
题名:
动态经济学
    
 
作者: 肖恩 著 ;吴汉洪 译
分册:  
出版信息: 北京   中国人民大学出版社  
页数: 534页
开本: 26cm
丛书名: 剑桥高级经济学译丛
单 册:
中图分类: F019.2
科图分类:
主题词: 政治经济学--概论
电子资源:
ISBN: 7-300-04418-2/F
000 00650nam0 2200217 450
001 0762220314
005 20071010171700.31
010    @a7-300-04418-2/F@d¥58.00
100    @a20071010d km y0chiy0120 ea
101 0  @achi
200 1  @a动态经济学@Adong tai jing ji xue@f(英)肖恩著@F(ying)xiao en zhu@g吴汉洪译@Gwu han hong yi
210    @a北京@c中国人民大学出版社
215    @a534页@d26cm
225 2  @a剑桥高级经济学译丛
410  0 @12001 @a剑桥高级经济学译丛
606 0  @a政治经济学@x概论
690    @aF019.2@v3
701  0 @a肖恩@Axiao en@4著
702  0 @a吴汉洪@Awu han hong@4译
801  0 @aCN@bPFT@c20071010
905    @a213230@dF019.2@eS5@f1
    
    动态经济学/(英)肖恩著/吴汉洪译.-北京:中国人民大学出版社
    534页;26cm.-(剑桥高级经济学译丛)
    
    
    ISBN 7-300-04418-2/F:¥58.00
    
●
相关链接 在E读中查询图书 在五车中查询图书 在当当中查询图书 在豆瓣中查询图书


正题名:动态经济学     索取号:F019.2/S5         预约/预借

序号 登录号 条形码 馆藏地/架位号 状态 备注
1 6705187   267051879   密集书库-数信学院/ [索取号:F019.2/S5] 在馆    
唐山师范学院图书馆 欢迎您!
大连网信软件有限公司© 版权所有